[Event "World Youth Boys U16 2014"]
[Site "Durban RSA"]
[Date "2014.09.23"]
[Round "6.30"]
[White "Suta, Andraz"]
[Black "Maguire, Tom"]
[Result "0-1"]
[WhiteElo "2063"]
[BlackElo "1810"]
[WhiteFideId "14613190"]
[BlackFideId "3221385"]
[EventDate "2014.09.20"]

1. e4 c6 2. d4 d5 3. e5 Bf5 4. Ne2 e6 5. Ng3 Bg6 6. h4 f6 7. Qg4 Qd7 8. c3 c5 9.
Na3 Nc6 10. h5 Bf7 11. Bb5 cxd4 12. cxd4 fxe5 13. dxe5 Qc7 14. O-O Qxe5 15. Qa4
Qc7 16. Bf4 Bd6 17. Bxd6 Qxd6 18. Rfd1 Ne7 19. Nc4 Qc7 20. Na5 O-O 21. Nxc6 bxc6
22. Rac1 Rac8 23. Qg4 Qb6 24. h6 Qxf2+ 25. Kh1 Qxb2 26. Ba6 Rb8 27. Rf1 Rb4 28.
Qg5 Ng6 29. Rb1 Qd4 30. hxg7 Rfb8 31. Rxb4 Rxb4 32. Qd8+ Kxg7 33. Nh5+ Kh6 34.
Be2 Qh4+ 35. Qxh4 Rxh4+ 36. Kg1 0-1

[Event "World Youth Boys U16 2014"]
[Site "Durban RSA"]
[Date "2014.09.23"]
[Round "6.31"]
[White "Conradie, Andre"]
[Black "Tuomainen, Felix"]
[Result "1-0"]
[WhiteElo "1748"]
[BlackElo "2042"]
[WhiteFideId "14304570"]
[BlackFideId "1720813"]
[EventDate "2014.09.20"]

1. e4 c6 2. d4 d5 3. e5 Bf5 4. Ne2 e6 5. Ng3 Bg6 6. h4 h6 7. h5 Bh7 8. Bd3 Bxd3
9. cxd3 Qb6 10. Be3 Qxb2 11. Nd2 Bb4 12. O-O Bxd2 13. Rb1 Qxa2 14. Bxd2 Qa6 15.
Qg4 Kf8 16. Bb4+ Ne7 17. f4 g6 18. f5 c5 19. Bxc5 exf5 20. Rxf5 Qe6 21. hxg6 1-0

[Event "World Youth Boys U16 2014"]
[Site "Durban RSA"]
[Date "2014.09.23"]
[Round "6.32"]
[White "Forster, James Connor Christophe"]
[Black "Whatley, Stephen A J"]
[Result "0-1"]
[WhiteElo "1687"]
[BlackElo "1881"]
[WhiteFideId "14309343"]
[BlackFideId "420441"]
[EventDate "2014.09.20"]

1. Nf3 f5 2. c4 Nf6 3. e3 g6 4. b3 Bg7 5. Bb2 d6 6. d4 O-O 7. Be2 Qe8 8. O-O h6
9. Nbd2 g5 10. Qc2 Nc6 11. a3 e5 12. dxe5 dxe5 13. Rfd1 g4 14. Ne1 f4 15. exf4
exf4 16. Bf1 g3 17. Ndf3 gxf2+ 18. Kh1 fxe1=Q 19. Rxe1 Qh5 20. Bd3 Ng4 21. Bg6
Qc5 22. Bh7+ Kh8 23. Bxg7+ Kxg7 24. Qg6+ Kh8 25. h3 Bf5 26. Qh5 Nf2+ 27. Kh2 Nd3
28. Bxf5 Qxf5 29. Qxh6+ Qh7 30. Qxh7+ Kxh7 31. Red1 Nde5 32. Nxe5 Nxe5 33. Rd5
Rae8 34. Rf1 Rf7 35. Rd4 Ng6 36. Rd3 Kg7 37. Rdf3 Re3 38. g3 fxg3+ 39. Kxg3
Rfxf3+ 40. Rxf3 Rxf3+ 41. Kxf3 Kf6 42. Ke4 Ke6 43. a4 c5 44. a5 a6 45. Kd3 Kf5
46. Kc3 Ke4 47. b4 cxb4+ 48. Kxb4 Kd4 49. Kb3 Ne5 50. h4 Nxc4 51. h5 Nxa5+ 0-1

[Event "World Youth Boys U16 2014"]
[Site "Durban RSA"]
[Date "2014.09.23"]
[Round "6.34"]
[White "Modi, Sachin"]
[Black "Ait Abbas, Yacine"]
[Result "1-0"]
[WhiteTitle "CM"]
[WhiteElo "1676"]
[BlackElo "1853"]
[WhiteFideId "14304589"]
[BlackFideId "7904150"]
[EventDate "2014.09.20"]

1. e4 c6 2. Nf3 d5 3. Nc3 dxe4 4. Nxe4 Nf6 5. Nxf6+ exf6 6. d4 Be6 7. c4 Bd6 8.
Bd3 O-O 9. O-O Nd7 10. b3 c5 11. d5 Bg4 12. Bb2 Qc7 13. h3 Bxf3 14. Qxf3 Ne5 15.
Qf5 Nxd3 16. Qxd3 Rfe8 17. Bc3 Re7 18. Rfe1 Rae8 19. Rxe7 Qxe7 20. g3 Qe2 21.
Qxe2 Rxe2 22. Re1 Rxe1+ 23. Bxe1 f5 24. Kf1 g5 25. Ke2 Kg7 26. b4 b6 27. bxc5
bxc5 28. Kd3 Kg6 29. Kc3 Kf6 30. Kb3 Ke5 1-0

[Event "World Youth Boys U16 2014"]
[Site "Durban RSA"]
[Date "2014.09.23"]
[Round "6.37"]
[White "Abdulla, Al-Hamed"]
[Black "Sidabras, Ignas"]
[Result "0-1"]
[WhiteElo "1674"]
[BlackElo "1842"]
[WhiteFideId "9302328"]
[BlackFideId "12806030"]
[EventDate "2014.09.20"]

1. e4 e6 2. Nf3 d5 3. e5 c5 4. b4 cxb4 5. a3 b3 6. cxb3 Nc6 7. d4 Bd7 8. Bd3 Qb6
9. Bc2 Nge7 10. Nc3 Ng6 11. Ng5 Qxd4 12. Bd2 Ncxe5 13. Ne2 0-1

[Event "World Youth Boys U16 2014"]
[Site "Durban RSA"]
[Date "2014.09.23"]
[Round "6.38"]
[White "Tshabalala, Ernest"]
[Black "Ali, Abdulaziz"]
[Result "1/2-1/2"]
[WhiteElo "1827"]
[BlackElo "1740"]
[WhiteFideId "14318466"]
[BlackFideId "9304347"]
[EventDate "2014.09.20"]

1. e4 e5 2. Nf3 Nc6 3. Bc4 Bc5 4. Nc3 Nf6 5. d3 d6 6. h3 O-O 7. O-O h6 8. Re1
Be6 9. Bb3 Na5 10. d4 Nxb3 11. axb3 exd4 12. Nxd4 Bd7 13. Be3 Re8 14. Qd3 a6 15.
Rad1 Bb4 16. Bf4 Nh5 17. Bh2 Qf6 18. Nd5 Qg6 19. Nxb4 c5 20. Nd5 cxd4 21. Nc7
Rac8 22. Nxe8 Rxe8 23. Kh1 Bc6 24. Qxd4 Rxe4 25. Rxe4 Bxe4 26. f3 Bxc2 27. Re1
Ng3+ 28. Kg1 Nf5 29. Qb6 Qf6 30. Qxb7 Qd4+ 31. Kh1 Qd2 32. Rg1 a5 33. Qc8+ Kh7
34. Qc3 Qxc3 35. bxc3 Bxb3 36. g4 Nh4 37. Bxd6 Nxf3 38. Rc1 a4 39. c4 Nd4 40.
Be5 Nc6 41. Ba1 Kg6 42. Kh2 1/2-1/2

[Event "World Youth Boys U16 2014"]
[Site "Durban RSA"]
[Date "2014.09.25"]
[Round "7.1"]
[White "Aravindh, Chithambaram VR."]
[Black "Wu, Christopher"]
[Result "1-0"]
[WhiteTitle "IM"]
[WhiteElo "2496"]
[BlackElo "2274"]
[WhiteFideId "5072786"]
[BlackFideId "2040875"]
[EventDate "2014.09.20"]

1. b3 d5 2. Bb2 Bg4 3. f3 Bf5 4. e3 e6 5. d4 Bd6 6. Ne2 Nc6 7. Nbc3 Nf6 8. g4
Bxg4 9. fxg4 Nxg4 10. Qc1 Qh4+ 11. Kd2 Nxe3 12. Kxe3 e5 13. Kd2 exd4 14. Nb5
Bb4+ 15. c3 dxc3+ 16. Bxc3 O-O-O 17. Kd1 a6 18. Nbd4 Nxd4 19. Nxd4 Rhe8 20. Be2
Bxc3 21. Qxc3 Re4 22. Nf5 Qg5 23. Rc1 c6 24. Rf1 g6 25. Nd4 Qe5 26. Nxc6 Qxc3
27. Rxc3 bxc6 28. Rxc6+ Kb7 29. Rcf6 Rde8 30. Bxa6+ Ka7 31. Bd3 1-0

[Event "World Youth Boys U16 2014"]
[Site "Durban RSA"]
[Date "2014.09.25"]
[Round "7.2"]
[White "Pichot, Alan"]
[Black "Karthikeyan, Murali"]
[Result "1-0"]
[WhiteTitle "IM"]
[BlackTitle "IM"]
[WhiteElo "2452"]
[BlackElo "2462"]
[WhiteFideId "110973"]
[BlackFideId "5074452"]
[EventDate "2014.09.20"]

1. e4 c5 2. Nf3 e6 3. d4 cxd4 4. Nxd4 a6 5. Bd3 Nf6 6. Nc3 Qc7 7. f4 d6 8. Qf3
Nc6 9. Be3 Be7 10. O-O-O O-O 11. Qg3 Nd7 12. Rhf1 Kh8 13. Qh3 Nc5 14. Nxc6 Nxd3+
15. Rxd3 Qxc6 16. f5 Bd7 17. Bd4 e5 18. Nd5 Bd8 19. Bb6 Bg5+ 20. Be3 Bd8 21. b3
Rc8 22. c3 a5 23. Qh5 f6 24. Bd2 Be8 25. Qh4 a4 26. Rff3 axb3 27. axb3 Qa6 28.
Kd1 Qa1+ 29. Ke2 Ra8 30. Rh3 h5 31. Nb4 Qh1 32. Qg3 Ra1 33. Be1 Rxe1+ 34. Qxe1
Qxg2+ 35. Kd1 Qb2 36. Qe2 Qxb3+ 37. Ke1 Bf7 38. Nd5 Qa3 39. Rdg3 Qc1+ 40. Kf2
Kg8 41. Rg1 Qh6 42. Qd3 Kh7 43. Ke2 Rg8 44. Qf3 g5 45. fxg6+ Rxg6 46. Qf5 Kh8
47. Rxh5 Rg2+ 48. Rxg2 Qxh5+ 49. Qxh5+ Bxh5+ 50. Kd3 Kh7 51. Ra2 f5 52. exf5 Bf3
53. c4 b5 54. Ra7+ Kh6 55. Rd7 bxc4+ 56. Kxc4 Bg5 57. Rxd6+ Kh5 58. Re6 e4 59.
Kd4 Bh4 60. Ke5 Bf2 61. Nf6+ Kh4 62. Nxe4 1-0

[Event "World Youth Boys U16 2014"]
[Site "Durban RSA"]
[Date "2014.09.25"]
[Round "7.3"]
[White "Rodriguez, Adrien"]
[Black "Sanal, Vahap"]
[Result "0-1"]
[BlackTitle "IM"]
[WhiteElo "2284"]
[BlackElo "2473"]
[WhiteFideId "20691866"]
[BlackFideId "6300545"]
[EventDate "2014.09.20"]

1. d4 Nf6 2. Nf3 e6 3. c4 b6 4. g3 Ba6 5. b3 Bb7 6. Bg2 Bb4+ 7. Bd2 c5 8. O-O
O-O 9. Bxb4 cxb4 10. Qd3 d6 11. Nbd2 Qe7 12. Nh4 d5 13. Rfc1 Rd8 14. Nhf3 Nc6
15. Qe3 dxc4 16. bxc4 a5 17. Rd1 Rac8 18. Rac1 Ba6 19. Ne4 Nxe4 20. Qxe4 a4 21.
Qe3 Na5 22. c5 bxc5 23. dxc5 Nc4 24. Rxd8+ Rxd8 25. Qf4 Qxc5 26. Ne1 e5 27. Qe4
b3 28. axb3 axb3 29. Nd3 Qb5 30. Qh4 Rc8 31. Be4 g6 32. Nb2 Nxb2 33. Rxc8+ Bxc8
34. Qd8+ Kg7 35. Qxc8 Qxe2 36. Qb7 Nd1 0-1

[Event "World Youth Boys U16 2014"]
[Site "Durban RSA"]
[Date "2014.09.25"]
[Round "7.4"]
[White "Bellahcene, Bilel"]
[Black "Maslov, Ivan"]
[Result "1-0"]
[WhiteTitle "FM"]
[WhiteElo "2428"]
[BlackElo "2095"]
[WhiteFideId "696358"]
[BlackFideId "24169820"]
[EventDate "2014.09.20"]

1. e4 c5 2. Nc3 Nc6 3. Bb5 e5 4. d3 Be7 5. Nf3 d6 6. Nd5 Nf6 7. Nxe7 Qxe7 8. c3
O-O 9. h3 Nd8 10. Nh2 Bd7 11. Bc4 Be6 12. Qe2 d5 13. exd5 Bxd5 14. O-O Bxc4 15.
dxc4 h6 16. f4 Nc6 17. f5 e4 18. Ng4 Nxg4 19. Qxg4 Qf6 20. Be3 b6 21. Qxe4 Rfe8
22. Qf4 Ne5 23. Rad1 Nxc4 24. Bxc5 Nxb2 25. Rd6 Qg5 26. Bd4 Rad8 27. Rxd8 Rxd8
28. Qe4 Nc4 29. h4 Nd6 30. Qe5 Qf6 31. Qg3 1-0

[Event "World Youth Boys U16 2014"]
[Site "Durban RSA"]
[Date "2014.09.25"]
[Round "7.5"]
[White "Kaczur, Florian"]
[Black "Ali Marandi, Cemil Can"]
[Result "1/2-1/2"]
[BlackTitle "IM"]
[WhiteElo "2278"]
[BlackElo "2408"]
[WhiteFideId "705098"]
[BlackFideId "6300529"]
[EventDate "2014.09.20"]

1. e4 e5 2. Nf3 Nc6 3. Bb5 a6 4. Ba4 Nf6 5. O-O Be7 6. d3 b5 7. Bb3 d6 8. Nc3
Na5 9. Be3 Nxb3 10. axb3 Bd7 11. h3 O-O 12. Nd2 Be6 13. f4 exf4 14. Bxf4 d5 15.
exd5 Nxd5 16. Nxd5 Qxd5 17. Nf3 Rfe8 18. Qd2 Bf6 19. Rab1 h6 20. b4 Rac8 21. d4
Bf5 22. Rbe1 Rxe1 23. Rxe1 Bxh3 24. Be5 Bxe5 25. Rxe5 Qb7 26. Qe3 Bd7 27. Re7
Qd5 28. Qe5 Qxe5 29. Nxe5 Be6 30. b3 g5 31. Nd7 Kg7 32. Kf2 h5 33. g3 h4 34.
gxh4 gxh4 35. Kg2 Rd8 36. Nc5 Kf6 37. Rxc7 Rxd4 38. Nxe6 fxe6 39. c4 Rd2+ 40.
Kg1 Rd3 41. Rc5 bxc4 42. bxc4 Rb3 43. b5 axb5 44. cxb5 e5 45. Rc6+ Kg5 46. Rb6
Kf4 47. Rb8 e4 48. b6 Kg3 49. Rg8+ Kf3 50. Rf8+ Ke2 51. Re8 Ke3 52. Rb8 Rb2 53.
Kh1 Kf3 54. Kg1 Ke3 55. Kh1 h3 56. Kg1 Kf3 57. Rf8+ Kg3 58. Rg8+ Kf3 59. Rf8+
Ke3 60. Rb8 Kd3 61. Rd8+ Ke2 62. Rb8 Ke3 63. Kh1 Kf3 64. Kg1 e3 65. b7 Ke2 66.
Kh1 h2 67. Kxh2 Ke1+ 68. Kh1 e2 69. Kg1 Rb6 70. Kg2 Rg6+ 71. Kh2 Rg7 72. Kh1 Rd7
73. Kg2 Kd1 74. Ra8 Rg7+ 75. Kf3 Rf7+ 76. Kg2 e1=N+ 77. Kg3 Rxb7 78. Rd8+ Ke2
79. Re8+ Kd2 80. Kf4 Nd3+ 81. Kf3 Rf7+ 82. Ke4 Rf4+ 83. Kd5 Nb4+ 84. Kc5 Kc3 85.
Re3+ Nd3+ 86. Kd5 Rd4+ 87. Ke6 Kc4 88. Rg3 Rd5 89. Rg4+ Kc5 90. Ra4 Rd8 91. Ra5+
Kb6 92. Ra1 Nc5+ 93. Ke5 Kc6 94. Rh1 Re8+ 95. Kd4 Re4+ 96. Kc3 Rg4 97. Rh2 Nd7
98. Rh5 Kd6 99. Ra5 Nb6 100. Ra1 Nd5+ 101. Kd3 Nb4+ 102. Kc3 Nc6 103. Kd3 Kd5
104. Ke3 Re4+ 105. Kf3 Ne5+ 106. Kf2 Rf4+ 107. Ke3 Rf3+ 108. Ke2 Rb3 109. Kf2
Ke4 110. Ra4+ Kf5 111. Ke2 Nc6 112. Rc4 Ne5 113. Ra4 Ng6 114. Ra5+ Ne5 1/2-1/2

[Event "World Youth Boys U16 2014"]
[Site "Durban RSA"]
[Date "2014.09.25"]
[Round "7.6"]
[White "Petrosyan, Manuel"]
[Black "Sibashvili, Giorgi"]
[Result "1-0"]
[WhiteTitle "FM"]
[WhiteElo "2397"]
[BlackElo "2335"]
[WhiteFideId "13300857"]
[BlackFideId "13602799"]
[EventDate "2014.09.20"]

1. Nf3 Nf6 2. c4 c5 3. Nc3 Nc6 4. e3 e6 5. d4 d5 6. cxd5 Nxd5 7. Bd3 cxd4 8.
exd4 Be7 9. O-O O-O 10. Re1 Nxc3 11. bxc3 b6 12. Qe2 Bb7 13. Qe4 g6 14. Bh6 Re8
15. Qg4 Bf8 16. Bxf8 Kxf8 17. Ng5 Kg7 18. Re3 h5 19. Qg3 Qb8 20. f4 Ne7 21. Rae1
Bc8 22. Be4 Bb7 23. Nxe6+ fxe6 24. Bxb7 Qxb7 25. Rxe6 Qd7 26. Qg5 Ng8 27. Rxg6+
Kh8 28. Re5 Qh7 29. f5 Rxe5 30. dxe5 Re8 31. f6 h4 32. h3 1-0

[Event "World Youth Boys U16 2014"]
[Site "Durban RSA"]
[Date "2014.09.25"]
[Round "7.7"]
[White "Sosa, Tomas ARG"]
[Black "Saiyn, Zhanat"]
[Result "0-1"]
[BlackTitle "FM"]
[WhiteElo "2275"]
[BlackElo "2397"]
[WhiteFideId "121576"]
[BlackFideId "13703820"]
[EventDate "2014.09.20"]

1. e4 e6 2. d4 d5 3. Nd2 Nc6 4. Ngf3 Nf6 5. e5 Nd7 6. Bd3 f6 7. Ng5 Ndxe5 8.
dxe5 fxg5 9. Qh5+ g6 10. Bxg6+ Kd7 11. c4 Nxe5 12. Bc2 Qf6 13. O-O Bd6 14. cxd5
exd5 15. Nb3 Qf7 16. Qh6 c6 17. f4 Ng4 18. Qh3 Kc7 19. fxg5 Qxf1+ 20. Kxf1 Nxh2+
21. Qxh2 Bxh2 22. Be3 Bd7 23. g3 Bxg3 24. Kg2 Rae8 25. Bxa7 Bd6 0-1

[Event "World Youth Boys U16 2014"]
[Site "Durban RSA"]
[Date "2014.09.25"]
[Round "7.10"]
[White "Mousavi, Seyed Khalil"]
[Black "Tica, Sven"]
[Result "1-0"]
[WhiteTitle "FM"]
[WhiteElo "2348"]
[BlackElo "2246"]
[WhiteFideId "12511099"]
[BlackFideId "14526948"]
[EventDate "2014.09.20"]

1. Nf3 Nf6 2. d4 e6 3. c4 d5 4. e3 c5 5. Nc3 a6 6. cxd5 exd5 7. Be2 Nc6 8. O-O
Bd6 9. dxc5 Bxc5 10. b3 O-O 11. Bb2 Re8 12. Rc1 Ba7 13. Qd3 Be6 14. Rfe1 Qa5 15.
a3 d4 16. exd4 Bxb3 17. Ne4 Rxe4 18. Qxb3 Qb6 19. Qa2 Qa5 20. Bc3 Qf5 21. Bc4
Rf8 22. d5 Rg4 23. h3 Rg3 24. Kf1 Rxf3 25. gxf3 Nd4 26. Bxd4 Bxd4 27. Qb3 Nh5
28. Ke2 Nf4+ 29. Kd2 Bxf2 30. Re4 Nxh3 31. Qxb7 Ng5 32. Re7 Nxf3+ 33. Kd1 Nd4
34. d6 Qg4+ 35. Kd2 Qf4+ 36. Kd1 Qg4+ 37. Kd2 Qf4+ 38. Kd1 Be3 39. Rxf7 Qg4+ 40.
Ke1 Qg3+ 41. Kd1 Qg4+ 42. Qf3 Qg1+ 43. Qf1 Qg4+ 44. Be2 Rxf7 45. Qxf7+ Kxf7 46.
Rc7+ Ke6 47. Bxg4+ Kxd6 48. Ra7 Ke5 49. Rxa6 Kf4 50. Bc8 g5 51. Rh6 Nb5 52. Ke2
Nxa3 53. Rf6+ 1-0

[Event "World Youth Boys U16 2014"]
[Site "Durban RSA"]
[Date "2014.09.25"]
[Round "7.11"]
[White "Gazik, Viktor"]
[Black "Kumaran, B"]
[Result "1/2-1/2"]
[WhiteTitle "FM"]
[WhiteElo "2315"]
[BlackElo "2239"]
[WhiteFideId "14928752"]
[BlackFideId "5038472"]
[EventDate "2014.09.20"]

1. e4 c5 2. Nf3 Nc6 3. Nc3 Nf6 4. e5 Ng4 5. Qe2 d6 6. exd6 Qxd6 7. d4 cxd4 8.
Nb5 Qb8 9. h3 Nf6 10. Nbxd4 Nxd4 11. Nxd4 e6 12. g3 Bd6 13. Bg2 O-O 14. O-O a6
15. Bg5 Qc7 16. Rad1 Qc5 17. Be3 Qc7 18. Bg5 Qc5 19. Bxf6 gxf6 20. Nb3 Qc7 21.
Rd4 f5 22. Rfd1 Be5 23. Rc4 Qb8 24. Qe3 Bg7 25. Qg5 b5 26. Rc6 1/2-1/2

[Event "World Youth Boys U16 2014"]
[Site "Durban RSA"]
[Date "2014.09.25"]
[Round "7.12"]
[White "Chandran, Kapil"]
[Black "Rakotomaharo, Fy Antenaina"]
[Result "1-0"]
[BlackTitle "CM"]
[WhiteElo "2229"]
[BlackElo "2286"]
[WhiteFideId "2034077"]
[BlackFideId "13100050"]
[EventDate "2014.09.20"]

1. d4 Nf6 2. c4 g6 3. Nc3 d5 4. Bg5 Ne4 5. h4 c6 6. e3 Qa5 7. Qb3 f6 8. Bf4 e5
9. dxe5 Bb4 10. Rc1 Na6 11. a3 Bxc3+ 12. bxc3 fxe5 13. Bh6 Nec5 14. Qa2 Be6 15.
Nf3 dxc4 16. Bg7 Rg8 17. Bxe5 O-O-O 18. Be2 Nb3 19. Rd1 Rxd1+ 20. Bxd1 Rf8 21.
Bg7 Rf7 22. Bh8 Rd7 23. O-O Qd8 24. Bd4 c5 25. Ng5 Bg8 26. Bg4 cxd4 27. exd4 Kb8
28. Bxd7 Qxd7 29. Qe2 Nc7 30. Re1 h6 31. Nf3 Bd5 32. Ne5 Qe6 33. Qe3 h5 34. Qg5
b6 35. Qxg6 Qxg6 36. Nxg6 Nb5 37. Nf4 Bc6 38. Re3 Nxa3 1-0

[Event "World Youth Boys U16 2014"]
[Site "Durban RSA"]
[Date "2014.09.25"]
[Round "7.13"]
[White "Litvinov, Maxim"]
[Black "Vorontsov, Pavlo"]
[Result "1-0"]
[BlackTitle "FM"]
[WhiteElo "2211"]
[BlackElo "2397"]
[WhiteFideId "24157449"]
[BlackFideId "14116367"]
[EventDate "2014.09.20"]

1. e4 g6 2. d4 Bg7 3. Nf3 c6 4. Bd3 d5 5. exd5 cxd5 6. c3 Nc6 7. Bf4 Nf6 8. h3
Bf5 9. Bxf5 gxf5 10. Nbd2 Ne4 11. Ne5 Nxe5 12. dxe5 Nxd2 13. Qxd2 Qd7 14. O-O
O-O-O 15. Rfd1 Rhg8 16. b4 Qe6 17. Qe3 Kb8 18. a4 d4 19. Qf3 Ka8 20. b5 Bxe5 21.
Bxe5 Qxe5 22. cxd4 Qe6 1-0

[Event "World Youth Boys U16 2014"]
[Site "Durban RSA"]
[Date "2014.09.25"]
[Round "7.14"]
[White "Tasci, Onur"]
[Black "Gajek, Radoslaw"]
[Result "0-1"]
[BlackTitle "FM"]
[WhiteElo "2028"]
[BlackElo "2393"]
[WhiteFideId "6322182"]
[BlackFideId "1125893"]
[EventDate "2014.09.20"]

1. e4 c5 2. Nf3 e6 3. d4 cxd4 4. Nxd4 a6 5. Bd3 g6 6. Be3 Bg7 7. O-O Ne7 8. c4
d5 9. exd5 exd5 10. c5 O-O 11. Nc3 Nbc6 12. Bc2 Ne5 13. b4 N7c6 14. Rb1 Qh4 15.
Nxd5 Bg4 16. f3 Rfd8 17. Bb3 Nxd4 18. Bxd4 Be6 19. Bf2 Qh5 20. Bg3 Nc6 21. Bd6
Nd4 22. Ne7+ Kh8 23. Bxe6 Nxe6 24. Qe1 Rd7 25. Qe4 Qg5 26. Rbd1 Qf6 27. f4 Rad8
28. Be5 Qxe7 29. Bd4 0-1

[Event "World Youth Boys U16 2014"]
[Site "Durban RSA"]
[Date "2014.09.25"]
[Round "7.15"]
[White "Lenaerts, Lennert"]
[Black "Xu, Xiangyu"]
[Result "0-1"]
[WhiteElo "2329"]
[BlackElo "2133"]
[WhiteFideId "211435"]
[BlackFideId "8608288"]
[EventDate "2014.09.20"]

1. d4 f5 2. Nc3 d5 3. Bf4 Nf6 4. e3 e6 5. Nb5 Bd6 6. Nxd6+ cxd6 7. h3 O-O 8. Nf3
b6 9. g4 Ne4 10. c3 Qf6 11. gxf5 Qxf5 12. Qc2 Nc6 13. O-O-O Bb7 14. Bd3 Nb4 15.
cxb4 Rac8 16. Kb1 Rxc2 17. Bxc2 Rc8 18. Bd3 Qh5 19. Bxe4 dxe4 20. Nd2 Qe2 21.
Bg3 Bd5 22. Rhe1 Qd3+ 23. Ka1 Qa6 24. a3 Qd3 25. f3 exf3 26. e4 Bb3 27. Nxb3
Qxb3 28. Rf1 Rc2 29. Rb1 Qe3 30. Bxd6 f2 31. e5 0-1

[Event "World Youth Boys U16 2014"]
[Site "Durban RSA"]
[Date "2014.09.25"]
[Round "7.16"]
[White "Song, Edward"]
[Black "Zayan, Mohamed"]
[Result "0-1"]
[BlackTitle "FM"]
[WhiteElo "2323"]
[BlackElo "2125"]
[WhiteFideId "2051192"]
[BlackFideId "10609989"]
[EventDate "2014.09.20"]

1. e4 c5 2. Nc3 Nc6 3. Bb5 Nd4 4. Bc4 g6 5. Nf3 Bg7 6. Nxd4 cxd4 7. Qf3 Nf6 8.
Nb5 O-O 9. Nxd4 d6 10. c3 Bg4 11. Qg3 Qc8 12. d3 e5 13. Nc2 Nh5 14. Qh4 Bf6 15.
Bg5 Nf4 16. Ne3 Bxg5 17. Qxg5 Be6 18. O-O Kg7 19. Qe7 Bxc4 20. dxc4 Rd8 21. g3
Rd7 22. Qh4 Nd3 23. b3 Qd8 24. Qxd8 Raxd8 25. f3 Nc5 26. Rfd1 Kf6 27. Kg2 Ke6
28. Rd5 f5 29. exf5+ gxf5 30. Rad1 Rf8 31. Nc2 Kf6 32. b4 Na4 33. Rxd6+ 0-1

[Event "World Youth Boys U16 2014"]
[Site "Durban RSA"]
[Date "2014.09.25"]
[Round "7.17"]
[White "Christiansen, Johan-Sebastian"]
[Black "Isaev, Chingys"]
[Result "1-0"]
[WhiteElo "2233"]
[BlackElo "1957"]
[WhiteFideId "1512668"]
[BlackFideId "13801660"]
[EventDate "2014.09.20"]

1. Nf3 d5 2. c4 d4 3. b4 c5 4. g3 Nf6 5. Bg2 Qc7 6. e3 e5 7. exd4 cxd4 8. O-O
Nbd7 9. Re1 Bxb4 10. Qa4 Bd6 11. Nxd4 O-O 12. Nb5 Qb6 13. Nxd6 Qxd6 14. Ba3 Qd4
15. Bxf8 Qxa1 16. Bb4 Nb6 17. Qa5 Qd4 18. Na3 Be6 19. Bxb7 Rb8 20. Qxa7 Nbd7 21.
Qa6 Ng4 22. Rf1 Qb6 23. Qxb6 Nxb6 24. Rb1 1-0

[Event "World Youth Boys U16 2014"]
[Site "Durban RSA"]
[Date "2014.09.25"]
[Round "7.18"]
[White "Goncalves, Ruan Lucas Alves"]
[Black "Li, Di"]
[Result "0-1"]
[BlackTitle "FM"]
[WhiteElo "1960"]
[BlackElo "2192"]
[WhiteFideId "2148030"]
[BlackFideId "8607508"]
[EventDate "2014.09.20"]

1. e4 c5 2. Nf3 e6 3. d3 Nc6 4. g3 b6 5. Bg2 Bb7 6. O-O Nge7 7. Nbd2 Ng6 8. c3
Be7 9. Re1 Rc8 10. h4 Nge5 11. Nf1 Ba6 12. Nxe5 Nxe5 13. c4 Qc7 14. Bf4 Bb7 15.
Nh2 Bd6 16. Be3 Nc6 17. f4 O-O 18. Nf3 f5 19. e5 Be7 20. Ng5 h6 21. Qh5 Qd8 22.
Kf2 Rc7 23. Rh1 Qe8 24. Qxe8 Rxe8 25. Nf3 Rd8 26. Rad1 0-1

[Event "World Youth Boys U16 2014"]
[Site "Durban RSA"]
[Date "2014.09.25"]
[Round "7.20"]
[White "Whatley, Stephen A J"]
[Black "Cortes Orihuela, Javier"]
[Result "1/2-1/2"]
[BlackTitle "FM"]
[WhiteElo "1881"]
[BlackElo "2216"]
[WhiteFideId "420441"]
[BlackFideId "3414329"]
[EventDate "2014.09.20"]

1. e4 c5 2. Nf3 d6 3. d4 cxd4 4. Nxd4 Nf6 5. Nc3 g6 6. Be3 Bg7 7. f3 O-O 8. Qd2
Nc6 9. O-O-O d5 10. Nxc6 bxc6 11. exd5 Nxd5 12. Bd4 e5 13. Bc5 Re8 14. Ne4 Qc7
15. g4 Be6 16. h4 h6 17. g5 h5 18. Ba6 Red8 19. Qe1 Rab8 20. Rh2 Ne7 21. Rhd2
Nf5 22. Rxd8+ Rxd8 23. Rxd8+ Qxd8 24. Qb4 Bd5 25. Bd3 Bxe4 26. Qxe4 Qa5 27. Ba3 1/2-1/2

[Event "World Youth Boys U16 2014"]
[Site "Durban RSA"]
[Date "2014.09.25"]
[Round "7.21"]
[White "Dragnev, Valentin"]
[Black "Adriaanse, Adam"]
[Result "1-0"]
[WhiteElo "2151"]
[BlackElo "1922"]
[WhiteFideId "1634852"]
[BlackFideId "2617838"]
[EventDate "2014.09.20"]

1. e4 c5 2. d4 cxd4 3. c3 dxc3 4. Nxc3 a6 5. Bc4 e6 6. Nf3 b5 7. Bb3 Bb7 8. O-O
Nc6 9. Qe2 Nge7 10. Bg5 h6 11. Be3 Ng6 12. Nd4 Na5 13. f4 Be7 14. f5 Nxb3 15.
axb3 Nf8 16. Qf2 e5 17. f6 Bxf6 18. Nf5 Ne6 19. Nd6+ Kf8 20. Nxb7 1-0

[Event "World Youth Boys U16 2014"]
[Site "Durban RSA"]
[Date "2014.09.25"]
[Round "7.22"]
[White "Naotunna, Dineth Nimnaka"]
[Black "Petr, Jan2"]
[Result "0-1"]
[WhiteElo "1837"]
[BlackElo "2140"]
[WhiteFideId "9919228"]
[BlackFideId "345784"]
[EventDate "2014.09.20"]

1. d4 g6 2. Bf4 Bg7 3. Nf3 d6 4. e3 Nd7 5. h3 e5 6. Bh2 Qe7 7. Be2 Ngf6 8. c4
Ne4 9. Qc2 f5 10. Nc3 Nxc3 11. bxc3 O-O 12. O-O b6 13. Rfe1 Bb7 14. Rad1 Rad8
15. Qa4 a5 16. Rd2 Kh8 17. Rb1 g5 18. Qc2 Rf6 19. e4 f4 20. c5 exd4 21. cxd4 0-1